[Event "ICS Rated blitz match"]
[Site "204.178.125.65"]
[Date "2001.07.28"]
[Round "?"]
[White "perucho"]
[Black "Hossa"]
[Result "1/2-1/2"]
[WhiteElo "2891"]
[BlackElo "2582"]
[PlyCount "258"]
[EventDate "2001.??.??"]

1. e4 e5 2. f4 exf4 3. Nf3 g5 4. h4 g4 5. Ne5 Nf6 6. d4 d6 7. Nd3 Nxe4 8. Qe2
Qe7 9. Bxf4 Nc6 10. c3 Bf5 11. Nd2 Nxd2 12. Kxd2 O-O-O 13. Bg5 Qxe2+ 14. Bxe2
Be7 15. Rhf1 Bxg5+ 16. hxg5 Be6 17. Nf4 Bd7 18. Nh5 Rdg8 19. Nf6 Rxg5 20. Nxd7
Kxd7 21. Rxf7+ Kc8 22. Bd3 h5 23. Rh1 Kb8 24. g3 Nd8 25. Rf5 Ne6 26. Rh4 b6 27.
Kc2 d5 28. Rxg5 Nxg5 29. Bg6 Kb7 30. Rxh5 Rxh5 31. Bxh5 Ne4 32. Kd3 Kc6 33. Ke3
Nxg3 34. Bxg4 Ne4 35. a4 Nf6 36. Bf5 Kd6 37. Kd3 Nh5 38. Bg4 Ng3 39. b4 c6 40.
c4 dxc4+ 41. Kxc4 Ne4 42. Bf5 Nf2 43. b5 Nd1 44. Be4 c5 45. dxc5+ bxc5 46. a5
Ne3+ 47. Kc3 Kc7 48. Bh1 Ng4 49. Kc4 Kd6 50. b6 a6 51. Kb3 Ne5 52. Bg2 Nc6 53.
Bxc6 c4+ 54. Kxc4 Kxc6 55. Kd4 Kb7 56. Kd5 Kb8 57. Kc5 Kb7 58. Kd6 Kb8 59. Kd5
Kb7 60. Kc5 Kb8 61. Kd6 Kb7 62. Kd7 Kb8 63. Ke7 Kb7 64. Kd8 Kb8 65. Kd7 Kb7 66.
Ke6 Kc6 67. Kf5 Kb7 68. Ke5 Kc6 69. Ke6 Kb7 70. Kf5 Kc6 71. Ke5 Kb7 72. Kf4 Kc6
73. Kg5 Kb7 74. Kg4 Kc6 75. Kh5 Kb7 76. Kg5 Kc6 77. Kf4 Kb7 78. Ke4 Kc6 79. Kf3
Kb7 80. Ke3 Kc6 81. Ke4 Kb7 82. Kf3 Kc6 83. Kg4 Kb7 84. Kh3 Kc6 85. Kh4 Kb7 86.
Kg3 Kc6 87. Kf2 Kb7 88. Ke1 Kc6 89. Kd2 Kb7 90. Ke2 Kc6 91. Kd3 Kb7 92. Kc3 Kc6
93. Kc4 Kb7 94. Kb3 Kc6 95. Kc3 Kb7 96. Kd4 Kc6 97. b7 Kxb7 98. Kd5 Ka7 99. Kc6
Ka8 100. Kc7 Ka7 101. Kd6 Kb7 102. Kd7 Ka7 103. Kc7 Ka8 104. Kb6 Kb8 105. Kxa6
Kc8 106. Ka7 Kc7 107. a6 Kc8 108. Kb6 Kb8 109. Ka5 Kc8 110. Ka4 Kb8 111. Kb4
Kc8 112. Ka5 Kb8 113. Kb6 Ka8 114. Kc5 Kb8 115. Kc4 Kc8 116. Kb4 Kb8 117. Kc5
Kc8 118. Kd6 Kb8 119. Kc6 Ka8 120. Kb5 Kb8 121. Ka4 Kc8 122. Ka3 Kb8 123. Kb4
Kc8 124. Kc4 Kb8 125. Kb5 Kc8 126. Kc6 Kb8 127. Kb5 Kc8 128. Kc5 Kb8 129. Kb4
Kc8 {Game drawn by repetition} 1/2-1/2

[Event "ICS rated blitz match"]
[Site "204.178.125.65"]
[Date "2001.07.28"]
[Round "?"]
[White "Hossa"]
[Black "perucho"]
[Result "0-1"]
[WhiteElo "2593"]
[BlackElo "2880"]
[PlyCount "87"]
[EventDate "2001.??.??"]

1. e4 e6 2. d4 d5 3. Nd2 Nf6 4. e5 Nfd7 5. Bd3 c5 6. c3 Nc6 7. Ne2 cxd4 8. cxd4
f6 9. Nf4 Nxd4 10. Qh5+ Ke7 11. Ng6+ hxg6 12. exf6+ Nxf6 13. Qxh8 Kf7 14. O-O
e5 15. Nb3 Nxb3 16. axb3 Bf5 17. Bxf5 gxf5 18. Re1 e4 19. Qh3 g6 20. Bg5 Bc5
21. Rac1 Bb6 22. Red1 d4 23. Qg3 d3 24. Rf1 Qd5 25. Qh4 Qe5 26. Bf4 Qxb2 27.
Rb1 Qa3 28. b4 Qa2 29. Ra1 Qd5 30. Rfd1 Rc8 31. Be3 Bxe3 32. fxe3 Qb5 33. Qh6
Qb6 34. h3 Nd5 35. Re1 d2 36. Reb1 Qxe3+ 37. Qxe3 Nxe3 38. Kf2 f4 39. Ke2 Rc2
40. Rd1 Nf5 41. Kf2 Nd4 42. Ra3 Nb5 43. Rb3 Nc3 44. Rxc3 {Hossa resigns} 0-1

[Event "ICS rated blitz match"]
[Site "204.178.125.65"]
[Date "2001.07.28"]
[Round "?"]
[White "perucho"]
[Black "Hossa"]
[Result "1-0"]
[WhiteElo "2885"]
[BlackElo "2588"]
[PlyCount "86"]
[EventDate "2001.??.??"]

1. c4 c5 2. Nf3 Nc6 3. d4 cxd4 4. Nxd4 Nf6 5. Nc3 g6 6. e4 Bg7 7. Nxc6 bxc6 8.
e5 Ng8 9. Qe2 f6 10. Bf4 fxe5 11. Bxe5 Nf6 12. c5 Qa5 13. Rd1 e6 14. Qc4 d5 15.
Qd4 O-O 16. b4 Qd8 17. b5 Rf7 18. Bd3 cxb5 19. Bxb5 Nh5 20. O-O Rf4 21. Qe3
Bxe5 22. Qxe5 Rf5 23. Qd6 Qxd6 24. cxd6 Bb7 25. f3 Nf4 26. d7 Raf8 27. Ne4 Rb8
28. Nd6 Rff8 29. Rd4 e5 30. Rd2 a6 31. Ba4 Ba8 32. Re1 Ne6 33. Rc2 Rb6 34. Ne8
Bb7 35. Rxe5 Nd8 36. Rc8 Nf7 37. Re7 Rb1+ 38. Kf2 Rb2+ 39. Kg3 Rxa2 40. Nf6+
Kg7 41. Rxf7+ Kxf7 42. Rxf8+ Kxf8 43. d8=Q+ Kf7 {Hossa resigns} 1-0

[Event "ICS rated blitz match"]
[Site "204.178.125.65"]
[Date "2001.07.28"]
[Round "?"]
[White "perucho"]
[Black "Hossa"]
[Result "1-0"]
[WhiteElo "2890"]
[BlackElo "2583"]
[PlyCount "153"]
[EventDate "2001.??.??"]

1. Nf3 d5 2. c4 e6 3. d4 dxc4 4. Qa4+ Bd7 5. Qxc4 Nf6 6. Nc3 Bc6 7. Ne5 Be7 8.
Bg5 O-O 9. e3 Nd5 10. Bxe7 Qxe7 11. Bd3 Qg5 12. Nxc6 Nxc6 13. O-O Rfd8 14. Ne4
Qh4 15. g3 Qh5 16. Be2 Qh3 17. Bf3 Nb6 18. Qb3 Qf5 19. Bg2 Rab8 20. Nc5 Rd6 21.
Rfc1 Nd8 22. Qa3 Nc8 23. Nd3 Nc6 24. Bxc6 Rxc6 25. Ne5 Ra6 26. Qb3 Nd6 27. Rxc7
Qh3 28. Nc4 Rf8 29. Nxd6 Rxd6 30. Rxb7 Rd5 31. Qc2 a6 32. Rc1 Rh5 33. f3 Ra5
34. b3 Qh6 35. f4 Qh5 36. Qg2 g5 37. Rbc7 gxf4 38. gxf4+ Qg6 39. R1c2 Kg7 40.
Qg3 Rd8 41. Rg2 Qxg3 42. hxg3 Kf6 43. Rgc2 Rg8 44. Kg2 h5 45. Kf3 Rd8 46. R7c5
Rd5 47. e4 Raxc5 48. dxc5 Rd3+ 49. Kg2 Ke7 50. c6 Kd8 51. Kh3 Kc7 52. e5 Rd8
53. Kh4 Rd3 54. g4 Rf3 55. gxh5 Rxf4+ 56. Kg3 Rf1 57. h6 Rg1+ 58. Rg2 Rh1 59.
Rh2 Rd1 60. h7 Rd8 61. h8=Q Rxh8 62. Rxh8 Kxc6 63. Kf4 Kc5 64. Kg5 Kd4 65. Kf6
Kd5 66. Ra8 Kd4 67. Rxa6 Kd5 68. Rd6+ Ke4 69. a4 Ke3 70. a5 Ke4 71. a6 Kf4 72.
a7 Ke4 73. a8=Q+ Ke3 74. Qg2 Kf4 75. Qf2+ Kg4 76. Rd4+ Kh3 77. Rh4# {
Hossa checkmated} 1-0

[Event "ICS rated blitz match"]
[Site "204.178.125.65"]
[Date "2001.07.28"]
[Round "?"]
[White "perucho"]
[Black "Hossa"]
[Result "1-0"]
[WhiteElo "2895"]
[BlackElo "2578"]
[PlyCount "143"]
[EventDate "2001.??.??"]

1. c4 g6 2. d4 Nf6 3. Nc3 Bg7 4. e4 d6 5. Nf3 O-O 6. Be2 e5 7. Be3 Ng4 8. Bg5
f6 9. Bh4 Nc6 10. d5 Ne7 11. Nd2 f5 12. Bxg4 fxg4 13. Bg5 h6 14. Be3 Bd7 15.
O-O Nc8 16. f3 Qh4 17. fxg4 Rxf1+ 18. Qxf1 Bxg4 19. h3 Bxh3 20. Nf3 Qg3 21. Ne2
Qg4 22. Kf2 Bxg2 23. Qxg2 Qxe4 24. Rg1 Ne7 25. Qg4 Qxg4 26. Rxg4 Kf7 27. Nc3
Nf5 28. Ne4 g5 29. Ng3 Nxg3 30. Rxg3 c5 31. Ke2 Rg8 32. Bxg5 e4 33. Bf4 exf3+
34. Rxf3 Ke7 35. Rg3 h5 36. b3 h4 37. Rg6 b6 38. Kf3 Kf7 39. Rxd6 h3 40. Rd7+
Kg6 41. Kg3 Bf6 42. Kxh3 Kf5 43. Bg3 a5 44. Rf7 Kg6 45. Rb7 Bd8 46. Kg4 Kf6+
47. Kf4 Rf8 48. Rd7 Kg6+ 49. Kg4 Rg8 50. Bc7 Bxc7 51. Rxc7 Kf6+ 52. Kf4 Rb8 53.
a4 Kg6 54. Ke5 Re8+ 55. Kd6 Re3 56. Kc6 Kf6 57. d6 Rd3 58. Rc8 Rxb3 59. d7 Rd3
60. d8=Q+ Rxd8 61. Rxd8 Kf5 62. Kxb6 Ke5 63. Kxa5 Ke6 64. Rd5 Ke7 65. Kb5 Kf6
66. a5 Ke7 67. a6 Ke6 68. a7 Ke7 69. a8=Q Kf6 70. Qc6+ Kf7 71. Rd7+ Kg8 72.
Qc8# {Hossa checkmated} 1-0

[Event "ICS rated blitz match"]
[Site "204.178.125.65"]
[Date "2001.07.28"]
[Round "?"]
[White "Hossa"]
[Black "Mink"]
[Result "0-1"]
[WhiteElo "2574"]
[BlackElo "2606"]
[PlyCount "101"]
[EventDate "2001.??.??"]

1. d4 d5 2. Nf3 Nf6 3. c4 e6 4. Nc3 c6 5. Bg5 h6 6. Bxf6 Qxf6 7. e3 Nd7 8. Bd3
dxc4 9. Bxc4 g6 10. O-O Bg7 11. Ne4 Qe7 12. Qd2 b6 13. Ng3 Bb7 14. e4 h5 15.
Ng5 O-O-O 16. Rad1 Ne5 17. Be2 Ng4 18. Nf3 e5 19. h3 Nh6 20. d5 cxd5 21. exd5
Rxd5 22. Rc1+ Kb8 23. Qc2 Rc8 24. Qb1 Rdd8 25. Rxc8+ Rxc8 26. Rc1 e4 27. Rxc8+
Kxc8 28. Nh2 e3 29. Qc1+ Qc5 30. Qxe3 Qxe3 31. fxe3 Bxb2 32. Nf3 Bd5 33. a4 Kc7
34. Bd3 Bc6 35. Bb5 Bxb5 36. axb5 Kd6 37. Ne4+ Kd5 38. Nfd2 Bh8 39. h4 f5 40.
Nf2 Kc5 41. Nd3+ Kxb5 42. Nf4 Bc3 43. Nf3 Kc4 44. Nxg6 a5 45. Ne7 b5 46. Ng6 a4
47. g4 a3 48. gxf5 a2 49. e4 a1=Q+ 50. Kf2 Ng4+ 51. Kg3 {Hossa resigns} 0-1

[Event "ICS rated blitz match"]
[Site "204.178.125.65"]
[Date "2001.07.28"]
[Round "?"]
[White "Mink"]
[Black "Hossa"]
[Result "1-0"]
[WhiteElo "2621"]
[BlackElo "2559"]
[PlyCount "112"]
[EventDate "2001.??.??"]

1. e4 e6 2. d4 d5 3. Nd2 Nf6 4. e5 Nfd7 5. c3 c5 6. Bd3 Nc6 7. Ne2 cxd4 8. cxd4
Nb4 9. Nf3 Nxd3+ 10. Qxd3 Be7 11. Bd2 a5 12. O-O b5 13. Rac1 Ba6 14. Rc6 Nb8
15. Rc2 b4 16. Qe3 a4 17. b3 O-O 18. Rfc1 Bb5 19. Ng3 axb3 20. axb3 Ra3 21. Nh5
Na6 22. Ne1 g6 23. Ng3 Nb8 24. Qf3 Bc4 25. Rb1 f6 26. Qe3 fxe5 27. Bc1 Nd7 28.
Bxa3 Bg5 29. Bxb4 Bxe3 30. fxe3 Bb5 31. Bxf8 Qxf8 32. Rbc1 Qb4 33. Rc8+ Kg7 34.
Nf3 Qxb3 35. R8c3 Qa4 36. dxe5 Kh6 37. Nh1 Bc4 38. Nf2 Qa7 39. Rb1 Nc5 40. Ng4+
Kg7 41. Nd4 Qa2 42. Rcc1 Qa6 43. Ra1 Qb6 44. Rcb1 Qc7 45. Ra8 g5 46. Rba1 Qb6
47. R1a7+ Nb7 48. Nxe6+ Kg6 49. Rf8 Qb1+ 50. Kf2 Kh5 51. Ng7+ Kg6 52. Nf5 Qxf5+
53. Rxf5 Kxf5 54. Rxb7 Kxg4 55. e6 d4 56. e7 Bf7 {Hossa resigns} 1-0

[Event "ICS rated blitz match"]
[Site "204.178.125.65"]
[Date "2001.07.28"]
[Round "?"]
[White "Hossa"]
[Black "perucho"]
[Result "0-1"]
[WhiteElo "2546"]
[BlackElo "2895"]
[PlyCount "126"]
[EventDate "2001.??.??"]

1. d4 e6 2. c4 Bb4+ 3. Bd2 a5 4. Nf3 d6 5. Nc3 Nf6 6. Qc2 Nbd7 7. e3 e5 8. Be2
O-O 9. O-O Re8 10. a3 Bxc3 11. Bxc3 e4 12. Nd2 a4 13. f3 exf3 14. Rxf3 b6 15.
Raf1 Bb7 16. Rh3 Qe7 17. d5 c6 18. Bg4 h6 19. Bxd7 Nxd7 20. Rhf3 f6 21. dxc6
Bxc6 22. Rg3 Ne5 23. Bxe5 dxe5 24. Qg6 Kh8 25. Ne4 Bxe4 26. Qxe4 Rac8 27. Rd1
Rc7 28. c5 b5 29. c6 Qc5 30. Qg6 Rec8 31. Qe4 Qxc6 32. Qxc6 Rxc6 33. Rd7 Rc1+
34. Kf2 R1c2+ 35. Kf3 Rg8 36. Rb7 Rxb2 37. Ke4 Rb3 38. Rh3 Rxa3 39. Rxb5 Ra8
40. Rb7 Rb3 41. Rd7 f5+ 42. Kxf5 Rb6 43. Rd2 a3 44. Ra2 Rb2 45. Ra1 a2 46. Rg3
Rb1 47. Rxa2 Rxa2 48. Kxe5 Rbb2 49. Rf3 Rxg2 50. h3 Raf2 51. Rxf2 Rxf2 52. e4
Rf3 53. h4 g5 54. hxg5 hxg5 55. Kd5 g4 56. Kd4 g3 57. e5 g2 58. e6 g1=Q+ 59.
Kd5 Qd1+ 60. Kc5 Rc3+ 61. Kb5 Qa1 62. e7 Qb2+ 63. Ka4 Ra3# {Hossa checkmated}
0-1

[Event "ICS rated blitz match"]
[Site "204.178.125.65"]
[Date "2001.07.28"]
[Round "?"]
[White "perucho"]
[Black "Hossa"]
[Result "1-0"]
[WhiteElo "2899"]
[BlackElo "2542"]
[PlyCount "109"]
[EventDate "2001.??.??"]

1. c4 g5 2. d4 Bg7 3. Bxg5 c5 4. e3 cxd4 5. exd4 Qb6 6. Nc3 Bxd4 7. Qc2 Nf6 8.
Nf3 Nc6 9. Nxd4 Nxd4 10. Qd2 Qe6+ 11. Be2 Nxe2 12. Qxe2 Kd8 13. c5 Rg8 14. Bxf6
Qxf6 15. O-O Qc6 16. Ne4 Qe6 17. Qf3 Qg4 18. Qxg4 Rxg4 19. f3 Rg6 20. Rfd1 b5
21. b4 Bb7 22. a4 bxa4 23. b5 Bxe4 24. fxe4 Kc7 25. Rxa4 a5 26. Rd5 Rh6 27. e5
Re6 28. Rad4 Rd8 29. Kf2 f6 30. exf6 Rxf6+ 31. Ke3 h6 32. g3 Rf7 33. Ra4 Ra8
34. h4 Rf6 35. g4 Rg6 36. h5 Rg7 37. Kd3 Rgg8 38. Rad4 Rad8 39. Re5 Rg7 40. Kc4
Rf8 41. Red5 Rd8 42. Kb3 e6 43. Rd6 Rb8 44. b6+ Kc8 45. Ka4 Ra8 46. Kb5 Re7 47.
c6 dxc6+ 48. Kxc6 Rc7+ 49. bxc7 Ra6+ 50. Kc5 Rxd6 51. Kxd6 e5 52. Rd2 Kb7 53.
Rb2+ Ka7 54. c8=Q a4 55. Qb7# {Hossa checkmated} 1-0

[Event "ICS rated blitz match"]
[Site "204.178.125.65"]
[Date "2001.07.28"]
[Round "?"]
[White "rbnn"]
[Black "Hossa"]
[Result "0-1"]
[WhiteElo "2069"]
[BlackElo "2540"]
[PlyCount "68"]
[EventDate "2001.??.??"]

1. Nf3 e6 2. d4 f5 3. c3 Nf6 4. Bg5 Be7 5. e3 O-O 6. Nbd2 b6 7. Bd3 Bb7 8. O-O
Nc6 9. Qe2 a6 10. Rac1 d6 11. Rfe1 Na5 12. Bxf6 Bxf6 13. e4 Qd7 14. exf5 exf5
15. Qe6+ Qxe6 16. Rxe6 Bd5 17. Ree1 Rf7 18. Bxf5 Nc6 19. Be6 Bxe6 20. Rxe6 Raf8
21. Rce1 g5 22. Ne4 Be7 23. Nfxg5 Bxg5 24. Nxg5 Rxf2 25. R6e2 R2f5 26. Nf3 Ra5
27. b3 Na7 28. c4 Nc6 29. d5 Nb4 30. Re7 Rxa2 31. Rxc7 Nd3 32. Rd1 Nf4 33. Nd2
Ne2+ 34. Kh1 Rxd2 {rbnn resigns} 0-1

[Event "ICS rated blitz match"]
[Site "204.178.125.65"]
[Date "2001.07.28"]
[Round "?"]
[White "Hossa"]
[Black "okelly"]
[Result "0-1"]
[WhiteElo "2542"]
[BlackElo "2845"]
[PlyCount "115"]
[EventDate "2001.??.??"]

1. c4 Nf6 2. d4 c5 3. dxc5 e6 4. Nf3 Bxc5 5. e3 O-O 6. Bd3 d5 7. cxd5 Qxd5 8.
Nc3 Qh5 9. O-O Bd7 10. Nd4 Qxd1 11. Rxd1 Rd8 12. Nb3 Bb6 13. Be2 Nc6 14. Nb5
Na5 15. Nd2 Bxb5 16. Bxb5 Rd5 17. Be2 Rad8 18. g4 Bc5 19. Bf3 R5d7 20. g5 Ne8
21. a3 Be7 22. h4 f6 23. Bg4 Nc7 24. gxf6 Bxf6 25. Kg2 Bxh4 26. Rh1 Be7 27. b4
Nc6 28. Ne4 Ne5 29. Be2 Nd3 30. Bxd3 Rxd3 31. Bb2 Rb3 32. Ra2 b6 33. Rg1 a5 34.
Bd4 Nd5 35. Kh1 g6 36. Nd2 Rd3 37. bxa5 bxa5 38. Nc4 Rc8 39. Nxa5 Bxa3 40. Nb7
Nb4 41. Re2 Nc2 42. Be5 Rc4 43. Na5 Rc5 44. Nb7 Rxe5 45. Rxc2 Rb5 46. Rc7 Rd2
47. Rf1 Bf8 48. Kg2 h5 49. Rg1 g5 50. e4 g4 51. Rgc1 h4 52. Kg1 h3 53. Rf1 g3
54. fxg3 Rbb2 55. Rxf8+ Kxf8 56. Rc8+ Kg7 57. Rc1 Rg2+ 58. Kf1 {Hossa resigns}
0-1

[Event "ICS rated blitz match"]
[Site "204.178.125.65"]
[Date "2001.07.28"]
[Round "?"]
[White "KASPARIN"]
[Black "Hossa"]
[Result "0-1"]
[WhiteElo "2232"]
[BlackElo "2537"]
[PlyCount "110"]
[EventDate "2001.??.??"]

1. d4 d5 2. c4 e5 3. dxe5 d4 4. a3 Nc6 5. Bf4 Bf5 6. Nd2 g5 7. Bg3 Qe7 8. Ndf3
O-O-O 9. b4 Bg7 10. Qa4 Kb8 11. Rd1 h6 12. h3 Bg6 13. e3 dxe3 14. Rxd8+ Qxd8
15. fxe3 Qe7 16. Qd1 f6 17. b5 Nxe5 18. Nxe5 fxe5 19. Bd3 e4 20. Bb1 Bc3+ 21.
Kf1 Qf7+ 22. Bf2 Qxc4+ 23. Qe2 Qb3 24. Qc2 Qxb5+ 25. Ne2 Be5 26. h4 Bh5 27.
hxg5 Bxe2+ 28. Qxe2 Qxb1+ 29. Be1 hxg5 30. Rxh8 Bxh8 31. Qd2 Qd3+ 32. Kf2 Qxd2+
33. Bxd2 c5 34. Kg3 Nh6 35. Ba5 Bb2 36. a4 Nf5+ 37. Kg4 Nxe3+ 38. Kxg5 Nxg2 39.
Kf5 b6 40. Bd2 e3 41. Bxe3 Nxe3+ 42. Ke4 Bd4 43. Kd3 Nd1 44. Kc2 Nb2 45. Kb3 a5
46. Ka3 c4 47. Ka2 Nd3 48. Ka3 Be5 49. Ka2 Nb4+ 50. Kb1 Bf4 51. Kb2 Bd2 52. Kb1
c3 53. Ka1 c2 54. Kb2 c1=Q+ 55. Kb3 Qc3# {KASPARIN checkmated} 0-1

[Event "ICS rated blitz match"]
[Site "204.178.125.65"]
[Date "2001.07.28"]
[Round "?"]
[White "pmg"]
[Black "Hossa"]
[Result "0-1"]
[WhiteElo "2112"]
[BlackElo "2546"]
[PlyCount "96"]
[EventDate "2001.??.??"]

1. e4 c5 2. Nf3 d6 3. d4 cxd4 4. Nxd4 Nf6 5. Nc3 a6 6. f4 Nbd7 7. Nf3 e6 8. Be2
Be7 9. O-O O-O 10. Be3 Ng4 11. Qd2 Nxe3 12. Qxe3 b6 13. Kh1 Bb7 14. f5 exf5 15.
exf5 Re8 16. Qf4 Bf6 17. Bc4 Qc7 18. Bb3 Bxc3 19. bxc3 Re2 20. Rae1 Rae8 21.
Rxe2 Rxe2 22. Re1 Bxf3 23. Rxe2 Bxe2 24. Qe4 Bb5 25. Qe7 Bc4 26. h3 b5 27. a4
h6 28. axb5 axb5 29. f6 gxf6 30. Qe3 Ne5 31. Qxh6 Bxb3 32. cxb3 Qxc3 33. Qxf6
Qa1+ 34. Kh2 Ng4+ 35. hxg4 Qxf6 36. Kg3 Qe5+ 37. Kf3 Qd5+ 38. Kg3 Qxb3+ 39. Kf4
Qb4+ 40. Kf5 Qc3 41. Kf4 Qe5+ 42. Kf3 b4 43. g3 b3 44. g5 b2 45. g6 Qf5+ 46.
Ke3 b1=Q 47. gxf7+ Kxf7 48. g4 Qbd3# {pmg checkmated} 0-1

[Event "ICS rated blitz match"]
[Site "204.178.125.65"]
[Date "2001.07.28"]
[Round "?"]
[White "Hossa"]
[Black "charliecccc"]
[Result "1-0"]
[WhiteElo "2548"]
[BlackElo "2358"]
[PlyCount "67"]
[EventDate "2001.??.??"]

1. e4 e5 2. f4 Bc5 3. Qh5 Nc6 4. fxe5 g6 5. Qe2 Nxe5 6. c3 Bf8 7. d4 Nc6 8. Qf3
Qf6 9. Bf4 d6 10. Bb5 Bd7 11. Ne2 a6 12. Bd3 Bh6 13. O-O Bxf4 14. Nxf4 Nge7 15.
Qg3 Qg7 16. Nh5 Qh6 17. Nf6+ Kd8 18. Be2 Bc8 19. b3 Rf8 20. Na3 b5 21. Qf2 Bb7
22. Bg4 Bc8 23. Bf3 Bb7 24. Nc2 Qg7 25. e5 d5 26. Bg4 Bc8 27. Bxc8 Kxc8 28. Qf3
Rd8 29. Ne3 Kb7 30. Nexd5 Nxd5 31. Nxd5 Rd7 32. Nb4 Rad8 33. Qxc6+ Ka7 34.
Qxa6+ {charliecccc resigns} 1-0

[Event "ICS rated blitz match"]
[Site "204.178.125.65"]
[Date "2001.07.28"]
[Round "?"]
[White "Marxloh"]
[Black "Hossa"]
[Result "0-1"]
[WhiteElo "2130"]
[BlackElo "2556"]
[PlyCount "54"]
[EventDate "2001.??.??"]

1. d4 d5 2. c4 e5 3. dxe5 d4 4. Nf3 Nc6 5. g3 Be6 6. b3 Qd7 7. Bg2 O-O-O 8. O-O
f6 9. exf6 gxf6 10. Bb2 Kb8 11. Ne1 h5 12. h4 Bh3 13. Nd3 Bxg2 14. Kxg2 Qg4 15.
Nd2 Bh6 16. Nf3 Rh7 17. Bc1 Rg7 18. Bxh6 Nxh6 19. Kh1 Qh3+ 20. Kg1 Nf5 21. Nf4
Rxg3+ 22. fxg3 Qxg3+ 23. Ng2 Ne3 24. Rf2 Nxd1 25. Rxd1 Qg4 26. Kf1 Qe4 27. Nd2
Qc2 {Marxloh resigns} 0-1

[Event "ICS rated standard match"]
[Site "204.178.125.65"]
[Date "2001.07.28"]
[Round "?"]
[White "Hossa-Tester"]
[Black "Hossa"]
[Result "0-1"]
[WhiteElo "2036"]
[BlackElo "2190"]
[PlyCount "26"]
[EventDate "2001.??.??"]

1. e4 c5 2. Nf3 d6 3. d4 cxd4 4. Nxd4 Nf6 5. Nc3 a6 6. Bg5 e6 7. f4 Qb6 8. Nb3
Nbd7 9. Qf3 Be7 10. Bd3 h6 11. Qh3 Ng4 12. Bh4 Qe3+ 13. Ne2 Qxh3 {
Hossa-Tester resigns} 0-1

[Event "ICS rated standard match"]
[Site "204.178.125.65"]
[Date "2001.07.28"]
[Round "?"]
[White "Hossa"]
[Black "Hossa-Tester"]
[Result "1/2-1/2"]
[WhiteElo "2199"]
[BlackElo "2027"]
[PlyCount "105"]
[EventDate "2001.??.??"]

1. e4 c5 2. Nf3 d6 3. d4 cxd4 4. Nxd4 Nf6 5. Nc3 a6 6. Be2 e5 7. Nb3 Be7 8. O-O
Be6 9. Be3 O-O 10. Qd2 Nbd7 11. Rfd1 Rc8 12. f3 Qc7 13. Qe1 Nb6 14. Qf2 Nc4 15.
Bxc4 Qxc4 16. Bg5 Rfd8 17. Rac1 h6 18. Bh4 b5 19. Rd3 Qc7 20. Bxf6 Bxf6 21. Nd5
Bxd5 22. Rxd5 Bg5 23. Nd2 f5 24. Qe2 Qa5 25. a3 fxe4 26. fxe4 Qb6+ 27. Kh1 Rf8
28. Qd3 Qf2 29. g3 Rf6 30. Qb3 Kh8 31. Rf1 Qb6 32. Nf3 Be3 33. Rd3 Bc5 34. Nd2
Rxf1+ 35. Nxf1 Rf8 36. Rf3 Qd8 37. Kg2 g6 38. Rxf8+ Qxf8 39. Qf3 Kg7 40. Ne3
Bxe3 41. Qxe3 Qc8 42. Qd3 Qc5 43. g4 Kf7 44. b4 Qc8 45. Kf3 Ke7 46. h3 Qf8+ 47.
Kg2 Qf4 48. c4 bxc4 49. Qxc4 Qd2+ 50. Kf1 Qd1+ 51. Kg2 Qd2+ 52. Kf1 Qd1+ 53.
Kg2 {Game drawn by mutual agreement} 1/2-1/2

[Event "ICS rated standard match"]
[Site "204.178.125.65"]
[Date "2001.07.28"]
[Round "?"]
[White "Hossa-Tester"]
[Black "Hossa"]
[Result "1-0"]
[WhiteElo "2034"]
[BlackElo "2192"]
[PlyCount "78"]
[EventDate "2001.??.??"]

1. e4 c6 2. d4 d5 3. Nd2 dxe4 4. Nxe4 Bf5 5. Ng3 Bg6 6. h4 h6 7. Nf3 Nf6 8. Ne5
Bh7 9. Bc4 e6 10. c3 Nbd7 11. Bf4 Nxe5 12. Bxe5 Nd7 13. Qe2 Nxe5 14. dxe5 Be7
15. Rd1 Qc7 16. Nh5 O-O 17. Rd4 a5 18. Rg4 g6 19. Qe3 Rfd8 20. O-O Kh8 21. Nf6
Bf8 22. Nxh7 Kxh7 23. h5 gxh5 24. Bd3+ Kh8 25. Rh4 Kg8 26. Rxh5 Bg7 27. Re1 Kf8
28. Bc2 b6 29. Qf4 Ke8 30. Re3 Rd7 31. Rg3 Bf8 32. Rg8 Rdd8 33. Rxh6 Qe7 34.
Be4 Rac8 35. Qf3 f5 36. exf6 Qc5 37. Qg4 Rd2 38. Rxf8+ Qxf8 39. Rh8 Kd7 {
Hossa resigns} 1-0

[Event "ICS rated standard match"]
[Site "204.178.125.65"]
[Date "2001.07.28"]
[Round "?"]
[White "Hossa-Tester"]
[Black "Hossa"]
[Result "1-0"]
[WhiteElo "2057"]
[BlackElo "2169"]
[PlyCount "74"]
[EventDate "2001.??.??"]

1. e4 e5 2. Nf3 Nc6 3. Bb5 a6 4. Ba4 Nf6 5. O-O Be7 6. Re1 b5 7. Bb3 O-O 8. c3
d6 9. h3 Bb7 10. d4 Re8 11. Nbd2 Bf8 12. a4 exd4 13. cxd4 Na5 14. Bc2 Be7 15.
Nf1 d5 16. e5 Ne4 17. Ng3 Bb4 18. Re2 Nxg3 19. fxg3 Nc4 20. b3 Nb6 21. Rf2 g6
22. Bh6 bxa4 23. Ng5 axb3 24. Qf3 Qe7 25. Qxb3 Rf8 26. Raf1 a5 27. Rxf7 Rxf7
28. Rxf7 Qxg5 29. Rg7+ Kh8 30. Rxh7+ Kxh7 31. Bxg5 Rf8 32. Bxg6+ Kxg6 33. Qc2+
Kxg5 34. Qh7 Rf6 35. h4+ Kg4 36. exf6 Kxg3 37. Qg6+ Kf4 {Hossa resigns} 1-0

[Event "ICS rated standard match"]
[Site "204.178.125.65"]
[Date "2001.07.28"]
[Round "?"]
[White "Hossa-Tester"]
[Black "Hossa"]
[Result "1-0"]
[WhiteElo "2014"]
[BlackElo "2148"]
[PlyCount "122"]
[EventDate "2001.??.??"]

1. e4 c5 2. Nf3 d6 3. d4 cxd4 4. Nxd4 Nf6 5. Nc3 a6 6. Bc4 e6 7. Bb3 b5 8. O-O
b4 9. Na4 Nxe4 10. Re1 Bb7 11. f3 Nf6 12. Bxe6 fxe6 13. Nxe6 Qa5 14. Nxf8+ Kf7
15. Qxd6 Rxf8 16. Re5 Bd5 17. Nb6 Nc6 18. Qxc6 Bxc6 19. Rxa5 Ra7 20. Be3 Bb5
21. Nc4 Rc7 22. Nd6+ Kg6 23. Nxb5 axb5 24. Rxb5 Rxc2 25. Rxb4 Re8 26. Re1 Nd5
27. Re4 Ra8 28. Bd4 Nf6 29. Bxf6 gxf6 30. R4e2 Rxe2 31. Rxe2 Rxa2 32. Kf2 Ra1
33. Re1 Ra4 34. Re4 Ra2 35. Rb4 Ra1 36. Rb8 Kf5 37. Kg3 h5 38. h4 Rb1 39. b4
Rb2 40. b5 Ke5 41. b6 Ke6 42. b7 Kf5 43. Kh3 Rb3 44. Rh8 Rxb7 45. Rxh5+ Ke6 46.
g4 Rb8 47. Rf5 Rb1 48. h5 Rg1 49. f4 Rh1+ 50. Kg2 Rh4 51. Kg3 Rh1 52. h6 Rg1+
53. Kf3 Rf1+ 54. Kg2 Rb1 55. h7 Rb8 56. Rb5 Rh8 57. Rb7 Ra8 58. g5 fxg5 59.
fxg5 Kf5 60. Ra7 Rb8 61. Rg7 Rb4 {Hossa resigns} 1-0

[Event "ICS rated standard match"]
[Site "204.178.125.65"]
[Date "2001.07.28"]
[Round "?"]
[White "Hossa-Tester"]
[Black "Hossa"]
[Result "1-0"]
[WhiteElo "2036"]
[BlackElo "2126"]
[PlyCount "158"]
[EventDate "2001.??.??"]

1. e4 e6 2. d4 d5 3. Nc3 Bb4 4. e5 b6 5. Qg4 g6 6. Bg5 f6 7. Bd2 f5 8. Qf4 Bb7
9. Nf3 h6 10. Qg3 g5 11. Qh3 g4 12. Qh5+ Kd7 13. Nh4 Kc8 14. h3 gxh3 15. Rxh3
Ba6 16. Ng6 Rh7 17. Nf4 Re7 18. Bxa6+ Nxa6 19. O-O-O Kb7 20. Qf3 c6 21. a3 Bxc3
22. Qxc3 c5 23. Ne2 Rh7 24. Rdh1 Qf8 25. Bf4 Qg7 26. R1h2 Re8 27. Kb1 Rh8 28.
Qd2 Ka8 29. Qd3 Nb8 30. dxc5 bxc5 31. Qb5 Rc8 32. Nc3 c4 33. Qb4 Rh7 34. Nb5
Nc6 35. Qc5 Qd7 36. Nd6 Rb8 37. Rg3 a6 38. Rh1 Nge7 39. Rhh3 h5 40. Rg5 h4 41.
g3 Rbh8 42. gxh4 Rxh4 43. Rxh4 Rxh4 44. Bc1 Nxe5 45. Qb6 N5c6 46. Qxa6+ Kb8 47.
Qb6+ Ka8 48. Qa6+ Kb8 49. Qb6+ Ka8 50. Nb5 Qb7 51. Nc7+ Kb8 52. Qxb7+ Kxb7 53.
Nxe6 Rh1 54. Rg7 Rf1 55. b4 cxb3 56. cxb3 Kb6 57. Nf4 d4 58. Nd3 Rh1 59. Kc2
Rh8 60. a4 Nd5 61. Bd2 Rc8 62. Kb2 Re8 63. Rg6 Re2 64. Kc1 Kc7 65. Rg7+ Kd6 66.
b4 Ne5 67. Kd1 Re4 68. Nxe5 Kxe5 69. a5 d3 70. a6 Rh4 71. a7 Rh8 72. b5 Rh1+
73. Be1 Rh8 74. Ba5 Kd6 75. b6 Nxb6 76. Bxb6 Kc6 77. Bd4 Ra8 78. Kd2 f4 79.
Kxd3 Re8 {Hossa resigns} 1-0

[Event "ICS rated standard match"]
[Site "204.178.125.65"]
[Date "2001.07.28"]
[Round "?"]
[White "Hossa-Tester"]
[Black "Hossa"]
[Result "1-0"]
[WhiteElo "2024"]
[BlackElo "2106"]
[PlyCount "108"]
[EventDate "2001.??.??"]

1. e4 e5 2. Nf3 Nc6 3. Bb5 a6 4. Ba4 Nf6 5. O-O b5 6. Bb3 Bb7 7. c3 Be7 8. d4
d6 9. Nbd2 O-O 10. Re1 Qd7 11. Nf1 a5 12. Ng3 a4 13. Bc2 exd4 14. cxd4 Nb4 15.
Bb1 Rfe8 16. a3 Nc6 17. Qc2 b4 18. d5 Ne5 19. Nxe5 dxe5 20. Nf5 bxa3 21. Nxe7+
Rxe7 22. Rxa3 c6 23. Bg5 Qd6 24. Rxa4 Rxa4 25. Qxa4 Rd7 26. Bxf6 Qxf6 27. Ba2
Qd6 28. Rd1 Qe7 29. b4 cxd5 30. Bxd5 Bc8 31. b5 Ra7 32. Qc2 Rc7 33. Qb2 Bd7 34.
b6 Rc8 35. b7 Rb8 36. Qc3 Bg4 37. Rc1 h6 38. h3 Be6 39. Bxe6 Rxb7 40. Bd5 Ra7
41. Qc8+ Kh7 42. Qf5+ g6 43. Qc8 h5 44. Qb8 h4 45. Kh2 Rd7 46. Rc8 Qf6 47. Kg1
Re7 48. Rc3 Qg7 49. Rf3 g5 50. Qd6 f5 51. Rxf5 Rd7 52. Qxe5 Qxe5 53. Rxe5 Kh6
54. g3 hxg3 {Hossa resigns} 1-0